000 00358nam a22001457a 4500
003 OSt
005 20160727222412.0
008 160624b xxu||||| |||| 00| 0 eng d
040 _cTEST
100 _91019
_aDaintith, J
245 _aDictonary of Mathematics
260 _aNEW DELHI
_bGULAB VAZIRANI
_c1982
300 _aDictonary of Mathematics
942 _2ddc
_cBK
999 _c815
_d815